Aplikácia systému ISO 9000 vo vybranej firme bakalárska práca

Saved in:
Bibliographic Details
Main Author: Hrešková, Blanka
Corporate Author: Podnikovohospodárska fakulta EU so sídlom v Košiciach. Katedra marketingu a obchodu
Other Authors: Urblíková, Daniela
Format: Book
Language:Slovak
Published: Košice 2012
Tags: Add Tag
No Tags, Be the first to tag this record!

MARC

LEADER 00000nbm a2200000 4500
001 0155519
005 20161109111857.3
041 0 |a slo 
044 |a SK 
245 1 0 |a Aplikácia systému ISO 9000 vo vybranej firme  |b bakalárska práca  |c Blanka Hrešková ; školiteľ: Daniela Urblíková 
264 1 |a Košice  |c 2012 
300 |a 46 s. 
100 1 |a Hrešková, Blanka 
700 1 |a Urblíková, Daniela 
710 2 |a Podnikovohospodárska fakulta EU so sídlom v Košiciach. Katedra marketingu a obchodu